| 000 | 03049cam a22003738i 4500 | ||
|---|---|---|---|
| 001 | 22899378 | ||
| 005 | 20250318142236.0 | ||
| 008 | 221212s2023 enk b 001 0 eng | ||
| 010 | _a 2022058035 | ||
| 020 |
_a9781032246260 _q(hardback) |
||
| 020 |
_a9781032246178 _q(paperback) |
||
| 020 |
_z9781003279525 _q(ebook) |
||
| 040 |
_aDLC _beng _erda _cDLC |
||
| 042 | _apcc | ||
| 043 | _ae-uk--- | ||
| 050 | 0 | 0 |
_aKD1819 _b.B38 2023 |
| 082 | 0 | 0 |
_a343.41096 _bBAU |
| 100 | 1 |
_aBaughen, Simon, _eauthor. _985580 |
|
| 245 | 1 | 0 |
_aShipping law / _cSimon Baughen. |
| 250 | _aEighth edition. | ||
| 263 | _a2306 | ||
| 264 | 1 |
_aAbingdon, Oxon ; _aNew York, NY : _bRoutledge, _c2023. |
|
| 300 | _apages cm | ||
| 336 |
_atext _btxt _2rdacontent |
||
| 337 |
_aunmediated _bn _2rdamedia |
||
| 338 |
_avolume _bnc _2rdacarrier |
||
| 504 | _aIncludes bibliographical references and index. | ||
| 505 | 0 | _aThe commercial background -- Title to sue -- Proving loss or damage in transit -- The terms of the bill of lading contract -- Statutory terms of the bill of lading contract -- The future? the hamburg rules and the rotterdam rules -- Combined transport -- Carriage by road : the CMR -- Charterparties -- Voyage charterparties : payment of freight -- Voyage charters : laytime and demurrage -- Time charters -- Damages and frustration -- Collisions -- Salvage -- General average -- Marine pollution -- Jurisdiction, arbitration and applicable law -- Security and interim relief -- Limitation of liability. | |
| 520 |
_a"In this indispensable textbook, Simon Baughen expertly covers the whole spectrum of English shipping law, placing the highly specialised rules of shipping in a commercial context and relating them to the general principles of contract and tort law. The 8th edition is brought fully up to date, covering all the relevant legal implications following on from Brexit. In-depth commentary on judicial decisions and well-balanced coverage and analysis of recent and key cases provide an up-to-date reference for students on Shipping Law courses. All key topics are comprehensively covered, including bills of lading, charterparties, salvage, marine pollution, jurisdiction, choice of law, arbitration, and accidents and collisions. Continuing significant and noteworthy developments in shipping law are explored in this new edition, such as the introduction into the House of Lords in October 2022 of the Electronic Trade Documents Bill. The field of international conventions has also seen several changes since the previous edition. Shipping Law provides an invaluable source of reference, both for students and those in practice. The book's accessible narrative and useful glossary of key terms will especially benefit students new to shipping law or from non-law backgrounds"-- _cProvided by publisher. |
||
| 650 | 0 |
_aMaritime law _zGreat Britain. |
|
| 906 |
_a7 _bcbc _corignew _d1 _eecip _f20 _gy-gencatlg |
||
| 942 |
_2ddc _cBK |
||
| 999 |
_c613411 _d613411 |
||